Proyecto de reforma administrativa : Tomo I / Diputación de Barcelona. Servicio de Recaudación de Tributos del Estado Tomo I / Diputación de Barcelona. Servicio de Recaudación de Tributos del Estado
Descripción Física:
[132] f. : mecanografiats ; 30 cm
MARC
| LEADER | 00000nam a2200000Ia 4500 | ||
|---|---|---|---|
| 001 | 10059 | ||
| 003 | BGR | ||
| 005 | 20260324175239.0 | ||
| 008 | 160829s9999 xx 000 0 cat d | ||
| 080 | |a M-3-203 | ||
| 110 | 1 | |a Barcelona (Catalunya : Província). |b Diputació |b Servei de Recaptació de Tributs de l'Estat |9 52408 | |
| 245 | |a Proyecto de reforma administrativa : |b Tomo I / Diputación de Barcelona. Servicio de Recaudación de Tributos del Estado | ||
| 260 | |a Barcelona : |b [Diputació], setembre 1981 | ||
| 300 | |a [132] f. : |b mecanografiats ; |c 30 cm | ||
| 610 | 1 | 0 | |a Barcelona (Catalunya : Província). |b Diputació |b Servei de Recaptació de Tributs de l'Estat |9 52408 |
| 901 | |a Arxiu | ||
| 942 | |n 1 |2 udc |c MON | ||
| 952 | |0 0 |1 0 |4 0 |6 M3203 |7 1 |9 42502 |a Arxiu |b Arxiu |d 2016-12-01 |l 0 |o M-3-203 |p 10059 |r 2016-12-01 00:00:00 |w 2016-12-01 |y ARXIU | ||
| 999 | |c 45007 |d 45007 | ||